[Event "Almansa 2014 - Torneo A"]
[Site "Almansa ESP"]
[Date "2014.08.07"]
[Round "5.8"]
[White "Donado-Mazarron Gomez, Miguel"]
[Black "Prieto Aranguren, Alain"]
[Result "1/2-1/2"]
[WhiteElo "2065"]
[BlackElo "2223"]
[PlyCount "59"]
[EventDate "2014.08.05"]
[EventType "swiss"]
[EventRounds "9"]
[EventCountry "ESP"]
[Source "lmi"]
[SourceDate "2014.08.05"]

1. d4 Nf6 2. c4 g6 3. Nc3 Bg7 4. e4 d6 5. Nf3 O-O 6. Be2 e5 7. O-O Nc6 8. d5
Ne7 9. Ne1 Nd7 10. Nd3 f5 11. f3 f4 12. g4 h5 13. h3 Bf6 14. Bd2 hxg4 15. hxg4
Bh4 16. c5 Nxc5 17. Nxc5 dxc5 18. Na4 Bg3 19. Kg2 g5 20. Nxc5 Ng6 21. Rh1 b6
22. Nd3 a5 23. Rc1 Qe7 24. Qc2 Nh4+ 25. Kf1 Ba6 26. Qxc7 Qxc7 27. Rxc7 Nxf3 28.
Rhh7 Nxd2+ 29. Kg2 Rfe8 30. Rcg7+ 1/2-1/2

[Event "Almansa 2014 - Torneo A"]
[Site "Almansa ESP"]
[Date "2014.08.07"]
[Round "5.9"]
[White "Aquino, Jose Rodolfo"]
[Black "Jordan Martinez, David"]
[Result "1/2-1/2"]
[WhiteElo "2214"]
[BlackElo "2116"]
[PlyCount "108"]
[EventDate "2014.08.05"]
[EventType "swiss"]
[EventRounds "9"]
[EventCountry "ESP"]
[Source "lmi"]
[SourceDate "2014.08.05"]

1. e4 g6 2. d4 Bg7 3. Nc3 c6 4. Be3 d5 5. Qd2 dxe4 6. Nxe4 Nf6 7. Nxf6+ Bxf6 8.
Nf3 Bg4 9. Be2 Nd7 10. Bg5 e6 11. Bxf6 Qxf6 12. Qb4 O-O-O 13. O-O Nb6 14. Qa5
Kb8 15. c3 Nd5 16. Bd1 Bxf3 17. Bxf3 h5 18. Rfe1 g5 19. c4 Nb6 20. c5 Nd5 21.
b4 Qxd4 22. Bxd5 Rxd5 23. Qa3 Rhd8 24. Rab1 Qd3 25. Qb2 h4 26. h3 Qf5 27. Qg7
Rd2 28. Rf1 Rxa2 29. b5 Rxf2 30. bxc6 Rxf1+ 31. Rxf1 Qxc5+ 32. Kh1 Qxc6 33.
Qxg5 Qd5 34. Qxh4 e5 35. Qe7 a5 36. Rxf7 a4 37. Rf5 Qd6 38. Qxe5 Qxe5 39. Rxe5
Rd4 40. g4 b6 41. Re2 a3 42. g5 b5 43. g6 Rd7 44. Re5 Rb7 45. g7 Rxg7 46. Rxb5+
Rb7 47. Ra5 Ra7 48. Rb5+ Kc7 49. Rb1 Kc6 50. Kg2 a2 51. Ra1 Kc5 52. h4 Kc4 53.
h5 Kb3 54. Kg3 Kb2 1/2-1/2

[Event "Almansa 2014 - Torneo A"]
[Site "Almansa ESP"]
[Date "2014.08.07"]
[Round "5.10"]
[White "Fernandez Alvarez, Luis"]
[Black "Lopez Mulet, Inigo"]
[Result "0-1"]
[WhiteElo "1884"]
[BlackElo "2193"]
[PlyCount "88"]
[EventDate "2014.08.05"]
[EventType "swiss"]
[EventRounds "9"]
[EventCountry "ESP"]
[Source "lmi"]
[SourceDate "2014.08.05"]

1. e4 c5 2. Nf3 e6 3. d4 cxd4 4. Nxd4 Nc6 5. Nc3 Qc7 6. g3 a6 7. Bg2 Nf6 8. O-O
Nxd4 9. Qxd4 Bc5 10. Qd3 O-O 11. Be3 d6 12. Rad1 Bxe3 13. Qxe3 Rd8 14. Qd4 e5
15. Qb4 Be6 16. a4 Rac8 17. Rd2 Qc5 18. Qxc5 Rxc5 19. Rfd1 Ne8 20. h3 Kf8 21.
f4 f6 22. Kf2 Ke7 23. f5 Bf7 24. Bf1 d5 25. Bg2 d4 26. Ne2 Nd6 27. c3 Nc4 28.
cxd4 Rcc8 29. d5 Nxd2 30. Rxd2 Be8 31. Nc3 b5 32. axb5 axb5 33. Bf1 Rc5 34. Ke3
Kd6 35. Bd3 Ra8 36. Rd1 b4 37. Nb1 Ra1 38. Rd2 Ba4 39. b3 Bb5 40. Bxb5 Rxb5 41.
Rb2 Rc5 42. Nd2 Rc3+ 43. Kf2 Rh1 44. Nc4+ Rxc4 0-1

[Event "Almansa 2014 - Torneo A"]
[Site "Almansa ESP"]
[Date "2014.08.08"]
[Round "6.1"]
[White "Cano Gimenez, Vicente"]
[Black "Martinez Lopez, David"]
[Result "1/2-1/2"]
[WhiteElo "2290"]
[BlackElo "2209"]
[PlyCount "51"]
[EventDate "2014.08.05"]
[EventType "swiss"]
[EventRounds "9"]
[EventCountry "ESP"]
[Source "lmi"]
[SourceDate "2014.08.05"]

1. Nf3 Nf6 2. c4 b6 3. g3 e6 4. Bg2 Bb7 5. O-O Be7 6. Nc3 O-O 7. d4 Ne4 8. Nxe4
Bxe4 9. Ne1 Bxg2 10. Nxg2 d6 11. e4 Nd7 12. Be3 c5 13. Qe2 Qc7 14. Rad1 a6 15.
b3 b5 16. dxc5 Nxc5 17. f3 b4 18. Nf4 a5 19. Nd3 a4 20. Nxc5 dxc5 21. Rd3 axb3
22. axb3 Rfd8 23. Rfd1 Rxd3 24. Qxd3 Rd8 25. Qc2 Rxd1+ 26. Qxd1 1/2-1/2

[Event "Almansa 2014 - Torneo A"]
[Site "Almansa ESP"]
[Date "2014.08.08"]
[Round "6.2"]
[White "Romero Berruezo, Francisco"]
[Black "Sanchez Barbado, Carlos"]
[Result "1-0"]
[WhiteElo "2211"]
[BlackElo "2249"]
[PlyCount "95"]
[EventDate "2014.08.05"]
[EventType "swiss"]
[EventRounds "9"]
[EventCountry "ESP"]
[Source "lmi"]
[SourceDate "2014.08.05"]

1. c4 f5 2. g3 Nf6 3. Bg2 e6 4. Nf3 Be7 5. O-O O-O 6. Nc3 d6 7. b4 Qe8 8. d3
Nc6 9. b5 Nd8 10. a4 Qh5 11. e3 Nf7 12. Nd2 Qh6 13. f4 e5 14. Nb3 exf4 15. exf4
Re8 16. Re1 Kf8 17. Ra2 Nd8 18. Rae2 Bd7 19. Ba3 Qh5 20. Nd5 Nxd5 21. Bxd5 Bf6
22. d4 Rxe2 23. Qxe2 Qxe2 24. Rxe2 Be7 25. c5 Rc8 26. Bc4 Be8 27. Rc2 Bd7 28.
d5 b6 29. c6 Be8 30. Bb2 Bf7 31. Bd4 Bh5 32. Rd2 Kf7 33. Kf2 Bf6 34. Bd3 Ke7
35. Bxf5 Ra8 36. g4 Bf7 37. Re2+ Kf8 38. Bxf6 gxf6 39. Be6 a6 40. Nd4 axb5 41.
Nxb5 Rxa4 42. Nxc7 Rxf4+ 43. Kg3 Rc4 44. Nb5 Bxe6 45. c7 Nb7 46. Rxe6 Kf7 47.
Rxd6 Rxc7 48. Rxb6 1-0

[Event "Almansa 2014 - Torneo A"]
[Site "Almansa ESP"]
[Date "2014.08.08"]
[Round "6.3"]
[White "Jimenez Martinez, Jose Vicente"]
[Black "Sanchez Jerez, Emilio Miguel"]
[Result "1-0"]
[WhiteElo "2247"]
[BlackElo "2232"]
[PlyCount "77"]
[EventDate "2014.08.05"]
[EventType "swiss"]
[EventRounds "9"]
[EventCountry "ESP"]
[Source "lmi"]
[SourceDate "2014.08.05"]

1. d4 g6 2. c4 Bg7 3. e4 d6 4. Nc3 Nf6 5. f3 O-O 6. Be3 Nc6 7. Nge2 a6 8. Nc1
e5 9. d5 Nd4 10. Nb3 c5 11. dxc6 bxc6 12. Nxd4 exd4 13. Bxd4 Re8 14. Be2 d5 15.
cxd5 cxd5 16. e5 Nh5 17. O-O Nf4 18. g3 Ne6 19. f4 Rb8 20. Bf3 Bb7 21. Ba7 Ra8
22. Bf2 g5 23. f5 Nc7 24. f6 Bf8 25. Re1 Qd7 26. Qd4 Ne6 27. Qg4 Rac8 28. Rad1
d4 29. Ne4 h6 30. h4 Bb4 31. Rxd4 Qxd4 32. Bxd4 Bxe1 33. Be3 Rc4 34. hxg5 h5
35. Qf5 Nf8 36. Nd6 Bxf3 37. Qxf3 Rg4 38. Qb7 Rxg3+ 39. Kf1 1-0

[Event "Almansa 2014 - Torneo A"]
[Site "Almansa ESP"]
[Date "2014.08.08"]
[Round "6.4"]
[White "Mingarro Carceller, Sergi"]
[Black "Jordan Martinez, Miguel"]
[Result "1/2-1/2"]
[WhiteElo "2233"]
[BlackElo "2205"]
[PlyCount "74"]
[EventDate "2014.08.05"]
[EventType "swiss"]
[EventRounds "9"]
[EventCountry "ESP"]
[Source "lmi"]
[SourceDate "2014.08.05"]

1. d4 Nf6 2. c4 g6 3. g3 Bg7 4. Bg2 d6 5. Nf3 O-O 6. Nc3 Nbd7 7. O-O c5 8. b3
a6 9. Bb2 Rb8 10. dxc5 Nxc5 11. Nd4 Ne6 12. Rc1 Bd7 13. e3 Qa5 14. a3 Rfc8 15.
b4 Qd8 16. Nce2 Rc7 17. Qd3 Rbc8 18. Rfd1 Nf8 19. Rd2 Bg4 20. Nb3 Be6 21. c5 b5
22. Na5 d5 23. Bxf6 Bxf6 24. Bxd5 Bxd5 25. Qxd5 Rd7 26. Qxd7 Nxd7 27. c6 Rc7
28. Rcd1 e5 29. Rxd7 Rxd7 30. Rxd7 Qc8 31. Nc3 Bd8 32. Nd5 Kg7 33. Ne7 Bxe7 34.
Rxe7 Kf6 35. Ra7 e4 36. c7 Qd7 37. Rxa6+ Kg7 1/2-1/2

[Event "Almansa 2014 - Torneo A"]
[Site "Almansa ESP"]
[Date "2014.08.08"]
[Round "6.5"]
[White "Serna Lara, Sergio"]
[Black "Gil Quilez, David"]
[Result "1/2-1/2"]
[WhiteElo "2260"]
[BlackElo "2172"]
[PlyCount "209"]
[EventDate "2014.08.05"]
[EventType "swiss"]
[EventRounds "9"]
[EventCountry "ESP"]
[Source "lmi"]
[SourceDate "2014.08.05"]

1. d4 f5 2. c4 Nf6 3. Nf3 g6 4. b3 Bg7 5. Bb2 O-O 6. g3 d6 7. Bg2 a5 8. O-O c6
9. Qc2 Na6 10. a3 Bd7 11. Nbd2 b5 12. Ne1 Rb8 13. Nd3 Qb6 14. c5 Qb7 15. Rae1
d5 16. Nf3 Nc7 17. Bc1 Ne6 18. Bf4 Ra8 19. Be5 a4 20. b4 Nd8 21. Bf4 Nf7 22.
Nfe5 Be8 23. Qc1 Nd7 24. Qe3 Ndxe5 25. Nxe5 Nxe5 26. Bxe5 Bxe5 27. Qxe5 Ra7 28.
f4 Qc7 29. Qe3 Bf7 30. h3 Qd7 31. Rf3 Qe6 32. Qd2 Qf6 33. Qe3 e6 34. g4 Re7 35.
Ref1 Be8 36. Rg3 Bd7 37. g5 Qg7 38. h4 Kf7 39. h5 Ke8 40. Kf2 Kd8 41. Rh1 Ree8
42. Rgh3 Rh8 43. Bf3 Kc8 44. Ke1 Kd8 45. Kd2 Kc8 46. Kc3 Kd8 47. Rh4 Kc8 48.
R1h2 Kc7 49. Qg1 Kd8 50. Qh1 Rhg8 51. hxg6 hxg6 52. Rh7 Qf8 53. Qg1 Re7 54.
R7h6 Qg7 55. Qe3 Kc8 56. Qg1 Kd8 57. R2h4 Kc8 58. Qh2 Kd8 59. Bg2 Ree8 60. Rh7
Qf8 61. Qh3 Re7 62. R7h6 Qg7 63. Kd3 Qf8 64. Rh8 Reg7 65. Rxg8 Rxg8 66. Rh7 Kc8
67. Qe3 Rh8 68. Qh3 Rg8 69. Ke3 Kd8 70. Kf2 Kc8 71. Bf3 Kd8 72. Kg3 Kc8 73. Qh6
Kd8 74. Qh1 Kc8 75. Rh6 Kd8 76. Kf2 Kc8 77. Rh7 Kd8 78. Ke3 Kc8 79. Kd3 Kd8 80.
Qh3 Kc8 81. Rh6 Kd8 82. Bg2 Kc8 83. Qe3 Qg7 84. Qh3 Qf8 85. Rh7 Kd8 86. Ke3 Kc8
87. Kf3 Kd8 88. Kg3 Kc8 89. Bf3 Kd8 90. Qh6 Kc8 91. Kh4 Kd8 92. e3 Be8 93. Be2
Bf7 94. Kg3 Be8 95. Ra7 Rh8 96. Ra8+ Ke7 97. Ra7+ Kd8 98. Ra8+ Ke7 99. Ra7+ Kd8
100. Qxf8 Rxf8 101. Rh7 Rf7 102. Rh8 Ke7 103. Kh4 Rg7 104. Bd1 Kd7 105. Rh6
1/2-1/2

[Event "Almansa 2014 - Torneo A"]
[Site "Almansa ESP"]
[Date "2014.08.08"]
[Round "6.6"]
[White "Lopez Mulet, Inigo"]
[Black "Donado-Mazarron Gomez, Miguel"]
[Result "1-0"]
[WhiteElo "2193"]
[BlackElo "2065"]
[PlyCount "41"]
[EventDate "2014.08.05"]
[EventType "swiss"]
[EventRounds "9"]
[EventCountry "ESP"]
[Source "lmi"]
[SourceDate "2014.08.05"]

1. d4 Nf6 2. c4 c5 3. d5 b5 4. cxb5 a6 5. e3 axb5 6. Bxb5 Qa5+ 7. Nc3 Bb7 8.
Bd2 Qb6 9. a4 Nxd5 10. Nxd5 Bxd5 11. Nf3 e6 12. Bc3 f6 13. O-O Bc6 14. Nh4 Bxb5
15. Qh5+ g6 16. Nxg6 hxg6 17. Qxg6+ Kd8 18. Qxf6+ Kc7 19. axb5 Rxa1 20. Rxa1
Rh5 21. Ba5 1-0

[Event "Almansa 2014 - Torneo A"]
[Site "Almansa ESP"]
[Date "2014.08.08"]
[Round "6.7"]
[White "Fernandez Barrera, Victor"]
[Black "Sacristan Latorre, Alberto"]
[Result "1-0"]
[WhiteElo "2284"]
[BlackElo "2066"]
[PlyCount "109"]
[EventDate "2014.08.05"]
[EventType "swiss"]
[EventRounds "9"]
[EventCountry "ESP"]
[Source "lmi"]
[SourceDate "2014.08.05"]

1. e4 c5 2. Nf3 d6 3. Bb5+ Bd7 4. Bxd7+ Qxd7 5. c4 g6 6. O-O Bg7 7. d4 cxd4 8.
Nxd4 Nc6 9. Be3 Nf6 10. f3 O-O 11. Nc3 a6 12. Na4 Qc7 13. Rc1 Nd7 14. Qd2 Rac8
15. Ne2 Rfd8 16. Rfd1 Nc5 17. Nac3 Qa5 18. b3 Qb4 19. Nd5 Qxd2 20. Rxd2 Kf8 21.
Nb6 Rc7 22. Rcd1 Ne5 23. Nf4 Rc6 24. Nbd5 Ne6 25. Nxe6+ fxe6 26. Nb4 Rcc8 27.
Nd3 Rd7 28. Nc5 dxc5 29. Rxd7 Nxd7 30. Rxd7 b5 31. Rb7 bxc4 32. bxc4 Bd4 33.
Kf2 Rc6 34. Ke2 Bxe3 35. Kxe3 Kf7 36. a4 e5 37. a5 Kf6 38. h4 Ke6 39. g3 Kf6
40. Rb8 h6 41. h5 g5 42. Rf8+ Kg7 43. Rb8 Kf7 44. Rh8 Kg7 45. Rd8 Kf7 46. Ra8
Kg7 47. Ra7 Kf6 48. Rb7 Kf7 49. Rb8 Kg7 50. Rb6 Rf6 51. Rb7 Rc6 52. Rxe7+ Kf6
53. Rb7 g4 54. fxg4 Kg5 55. Rg7+ 1-0

[Event "Almansa 2014 - Torneo A"]
[Site "Almansa ESP"]
[Date "2014.08.08"]
[Round "6.8"]
[White "Pena Riasco, Alexander"]
[Black "Gines Abad, Pedro"]
[Result "1/2-1/2"]
[WhiteElo "2242"]
[BlackElo "2018"]
[PlyCount "79"]
[EventDate "2014.08.05"]
[EventType "swiss"]
[EventRounds "9"]
[EventCountry "ESP"]
[Source "lmi"]
[SourceDate "2014.08.05"]

1. e4 d5 2. exd5 Qxd5 3. Nf3 Bg4 4. Be2 c6 5. d4 e6 6. c4 Qd8 7. O-O Nf6 8. Nc3
Be7 9. Be3 O-O 10. Ne5 Bxe2 11. Qxe2 Nbd7 12. Rad1 Nxe5 13. dxe5 Nd7 14. f4 Qc7
15. Kh1 Rad8 16. Ne4 Nb6 17. b3 Rxd1 18. Rxd1 Rd8 19. Kg1 Rxd1+ 20. Qxd1 Nc8
21. Qd2 b6 22. Qd3 Qd8 23. Qxd8+ Bxd8 24. Kf1 f5 25. exf6 gxf6 26. Bd4 Kf7 27.
Ke2 f5 28. Nf2 Ne7 29. Nd3 Ng6 30. Be5 Be7 31. a4 a6 32. g3 Nf8 33. h3 Nd7 34.
Bd4 Kg6 35. g4 Kf7 36. Kf3 Kg6 37. Ke3 Bd6 38. Kf3 Be7 39. Kg3 Bf8 40. Kf3
1/2-1/2

[Event "Almansa 2014 - Torneo A"]
[Site "Almansa ESP"]
[Date "2014.08.08"]
[Round "6.10"]
[White "Mengual Bolo, Carles"]
[Black "Aquino, Jose Rodolfo"]
[Result "0-1"]
[WhiteElo "2107"]
[BlackElo "2214"]
[PlyCount "116"]
[EventDate "2014.08.05"]
[EventType "swiss"]
[EventRounds "9"]
[EventCountry "ESP"]
[Source "lmi"]
[SourceDate "2014.08.05"]

1. e4 d5 2. exd5 Qxd5 3. Nc3 Qa5 4. Bc4 Nf6 5. Nf3 Nc6 6. Qe2 Bg4 7. Bb5 a6 8.
Bxc6+ bxc6 9. Qe5 Qb6 10. Na4 Qb5 11. Nc3 Qb6 12. Na4 Qb4 13. b3 Bxf3 14. gxf3
O-O-O 15. a3 Qb5 16. Bb2 e6 17. Qe2 Bd6 18. Nc3 Qxe2+ 19. Nxe2 Rhg8 20. O-O-O
Nd5 21. d3 g6 22. c4 Nf4 23. Nxf4 Bxf4+ 24. Kc2 c5 25. Bf6 Rd7 26. Rhe1 h5 27.
h3 Kb7 28. Re4 Bh6 29. Re5 Kc6 30. b4 Bf8 31. Rb1 Bd6 32. b5+ axb5 33. cxb5+
Kb6 34. Re4 c4 35. Rxc4 Bxa3 36. Bd4+ Kb7 37. b6 c5 38. Bxc5 Bxc5 39. Rxc5 Ra8
40. Kc3 Ra6 41. Rcb5 Rd6 42. Kc4 Raxb6 43. Kc5 Rd5+ 44. Kc4 Rdxb5 45. Rxb5 Rxb5
46. Kxb5 Kc7 47. Kc5 Kd7 48. d4 Ke7 49. Kc6 Kf6 50. Kd6 g5 51. Kd7 h4 52. Ke8
Kg7 53. Ke7 Kg6 54. Ke8 f5 55. Ke7 g4 56. fxg4 fxg4 57. Kxe6 gxh3 58. d5 h2 0-1

[Event "Almansa 2014 - Torneo A"]
[Site "Almansa ESP"]
[Date "2014.08.08"]
[Round "7.1"]
[White "Martinez Lopez, David"]
[Black "Jimenez Martinez, Jose Vicente"]
[Result "1/2-1/2"]
[WhiteElo "2209"]
[BlackElo "2247"]
[PlyCount "70"]
[EventDate "2014.08.05"]
[EventType "swiss"]
[EventRounds "9"]
[EventCountry "ESP"]
[Source "lmi"]
[SourceDate "2014.08.05"]

1. e4 d6 2. d4 g6 3. Nc3 Bg7 4. Be3 a6 5. h4 Nf6 6. f3 b5 7. Qd2 Nbd7 8. a4 b4
9. Nd1 a5 10. c3 c5 11. Bb5 Ba6 12. Bxa6 Rxa6 13. Ne2 h5 14. b3 O-O 15. c4 cxd4
16. Bxd4 Nc5 17. Rb1 Qc7 18. O-O Kh7 19. Nf2 Bh6 20. Be3 Bxe3 21. Qxe3 Ne6 22.
Rfd1 Qc5 23. Qd2 Rg8 24. Kf1 Raa8 25. Nd3 Qc7 26. Ndf4 Nxf4 27. Nxf4 Rgd8 28.
Ne2 Rac8 29. Qg5 Qc5 30. Nf4 Qxg5 31. hxg5 Nd7 32. Nd5 Re8 33. Ne3 Rc5 34. Rd5
Rec8 35. Rbd1 Kg7 1/2-1/2

[Event "Almansa 2014 - Torneo A"]
[Site "Almansa ESP"]
[Date "2014.08.08"]
[Round "7.2"]
[White "Mingarro Carceller, Sergi"]
[Black "Romero Berruezo, Francisco"]
[Result "0-1"]
[WhiteElo "2233"]
[BlackElo "2211"]
[PlyCount "96"]
[EventDate "2014.08.05"]
[EventType "swiss"]
[EventRounds "9"]
[EventCountry "ESP"]
[Source "lmi"]
[SourceDate "2014.08.05"]

1. d4 Nf6 2. c4 d6 3. Nc3 e5 4. d5 Be7 5. e4 O-O 6. Bd3 a5 7. Nge2 Nfd7 8. Ng3
Nc5 9. Bc2 Nba6 10. O-O Bg5 11. a3 Bxc1 12. Qxc1 Bd7 13. b3 c6 14. Rb1 Nc7 15.
b4 axb4 16. axb4 N5a6 17. f4 c5 18. bxc5 Nxc5 19. fxe5 dxe5 20. Qe3 Ra3 21.
Qxc5 Rxc3 22. Rxb7 Na6 23. Qa7 Nc5 24. Qxc5 Rxc2 25. Qd6 Rxg2+ 26. Kh1 Rxh2+
27. Kxh2 Qh4+ 28. Kg2 Bh3+ 29. Kf2 Qf4+ 30. Ke1 Qxg3+ 31. Kd2 Qg2+ 32. Ke3 Qxf1
33. Rb8 Qc1+ 34. Kf2 Qf4+ 35. Ke1 Qxe4+ 36. Kd2 Qd4+ 37. Ke1 Qc3+ 38. Kf2 Qd2+
39. Kf3 e4+ 40. Kxe4 f5+ 41. Kf3 Qg2+ 42. Ke3 Qe4+ 43. Kf2 Qh4+ 44. Ke3 f4+ 45.
Kd2 Qf2+ 46. Kc3 Qe3+ 47. Kb4 Qe1+ 48. Kc5 Qa5+ 0-1

[Event "Almansa 2014 - Torneo A"]
[Site "Almansa ESP"]
[Date "2014.08.08"]
[Round "7.3"]
[White "Jordan Martinez, Miguel"]
[Black "Cano Gimenez, Vicente"]
[Result "1/2-1/2"]
[WhiteElo "2205"]
[BlackElo "2290"]
[PlyCount "89"]
[EventDate "2014.08.05"]
[EventType "swiss"]
[EventRounds "9"]
[EventCountry "ESP"]
[Source "lmi"]
[SourceDate "2014.08.05"]

1. e4 c5 2. Nf3 g6 3. c3 Bg7 4. Bc4 d6 5. O-O Nf6 6. Re1 O-O 7. d4 cxd4 8. Nxd4
Nc6 9. Bb3 Nd7 10. Nxc6 bxc6 11. Be3 Ne5 12. Na3 Ba6 13. Bc2 c5 14. f4 Nc4 15.
Nxc4 Bxc4 16. Bd3 Bxd3 17. Qxd3 Rb8 18. Re2 Qa5 19. Qc4 a6 20. Rd1 Rbc8 21. a3
Qb5 22. Qd3 f5 23. Qd5+ Kh8 24. Rde1 fxe4 25. Qxe4 Qd7 26. Bc1 e5 27. g3 Qf7
28. Rd1 Rcd8 29. Qd5 Qf5 30. Be3 Qg4 31. Rf2 exf4 32. Bxf4 Rf5 33. Qd3 d5 34.
Kg2 Rff8 35. h3 Qe6 36. Re2 Qc6 37. Kh2 c4 38. Qd2 d4 39. cxd4 Rxd4 40. Qe1
Rxd1 41. Qxd1 Qf3 42. Qe1 Qc6 43. Rc2 Qb5 44. Qe6 Re8 45. Qxc4 1/2-1/2

[Event "Almansa 2014 - Torneo A"]
[Site "Almansa ESP"]
[Date "2014.08.08"]
[Round "7.4"]
[White "Sanchez Jerez, Emilio Miguel"]
[Black "Lopez Mulet, Inigo"]
[Result "0-1"]
[WhiteElo "2232"]
[BlackElo "2193"]
[PlyCount "62"]
[EventDate "2014.08.05"]
[EventType "swiss"]
[EventRounds "9"]
[EventCountry "ESP"]
[Source "lmi"]
[SourceDate "2014.08.05"]

1. e4 e6 2. Nc3 d5 3. d4 Nf6 4. e5 Nfd7 5. Nce2 c5 6. c3 Nc6 7. f4 cxd4 8. cxd4
Nb6 9. Nf3 Bd7 10. g3 a5 11. a4 Bb4+ 12. Nc3 Ne7 13. Bd3 Rc8 14. Qb3 Nc4 15.
O-O Qb6 16. Rf2 Bxc3 17. Bxc4 Bxd4 18. Nxd4 Qxd4 19. Bb5 Bxb5 20. axb5 a4 21.
Be3 axb3 22. Bxd4 Kd7 23. Rf3 Rc4 24. Bb6 Rb4 25. Ra7 Rb8 26. Rc3 Rc4 27. Rxb3
Nc8 28. Bf2 Nxa7 29. Bxa7 Ra8 30. Bf2 Ra2 31. b6 Rc2 0-1

[Event "Almansa 2014 - Torneo A"]
[Site "Almansa ESP"]
[Date "2014.08.08"]
[Round "7.5"]
[White "Prieto Aranguren, Alain"]
[Black "Fernandez Barrera, Victor"]
[Result "1/2-1/2"]
[WhiteElo "2223"]
[BlackElo "2284"]
[PlyCount "157"]
[EventDate "2014.08.05"]
[EventType "swiss"]
[EventRounds "9"]
[EventCountry "ESP"]
[Source "lmi"]
[SourceDate "2014.08.05"]

1. d4 Nf6 2. c4 g6 3. Nc3 d5 4. Nf3 Bg7 5. Qb3 dxc4 6. Qxc4 O-O 7. e4 Na6 8.
Be2 c5 9. d5 e6 10. O-O exd5 11. exd5 Re8 12. Be3 Bf5 13. Rad1 Rxe3 14. fxe3
Ng4 15. e4 Ne3 16. Qd3 Nxd1 17. Bxd1 Bg4 18. h3 Bxf3 19. Qxf3 Bd4+ 20. Kh1 f6
21. Bb3 Kg7 22. Ne2 Be5 23. Nf4 Nc7 24. Ne6+ Nxe6 25. dxe6 Qe7 26. Bd5 Rf8 27.
Qa3 Bb8 28. g3 b6 29. Kg2 Rd8 30. Qf3 Be5 31. b3 Rf8 32. g4 Bc7 33. Rf2 Qd6 34.
Kf1 Qe5 35. Qd3 Qd6 36. Qc3 Qe7 37. h4 Be5 38. Qf3 Bd4 39. Rg2 Qd6 40. Qg3 Qxg3
41. Rxg3 Re8 42. Rf3 Re7 43. Ke2 h6 44. Kd3 g5 45. h5 Be5 46. Kc4 a6 47. a4 Rc7
48. Rf1 Kf8 49. Kd3 Ke7 50. Rc1 Kd8 51. Bc4 Ra7 52. Rd1 Ke7 53. Rb1 Ra8 54. b4
cxb4 55. Rxb4 b5 56. axb5 axb5 57. Rxb5 Ra3+ 58. Bb3 Ra7 59. Rb6 Rc7 60. Bc4
Ra7 61. Rb3 Bc7 62. Bd5 Be5 63. Kc4 Rc7+ 64. Kd3 Ra7 65. Rb4 Ra3+ 66. Ke2 Ra7
67. Rc4 Kd8 68. Rc6 Ra3 69. Rb6 Ra7 70. Kd3 Ke7 71. Bb3 Rc7 72. Bd5 Ra7 73. Kc4
Rc7+ 74. Kb5 Ra7 75. Rc6 Kd8 76. Rc4 Bc7 77. Ra4 Rxa4 78. Kxa4 Ke7 79. Kb5
1/2-1/2

[Event "Almansa 2014 - Torneo A"]
[Site "Almansa ESP"]
[Date "2014.08.08"]
[Round "7.6"]
[White "Aquino, Jose Rodolfo"]
[Black "Serna Lara, Sergio"]
[Result "1-0"]
[WhiteElo "2214"]
[BlackElo "2260"]
[PlyCount "125"]
[EventDate "2014.08.05"]
[EventType "swiss"]
[EventRounds "9"]
[EventCountry "ESP"]
[Source "lmi"]
[SourceDate "2014.08.05"]

1. e4 e6 2. d4 d5 3. Nc3 Nf6 4. e5 Nfd7 5. Qg4 c5 6. dxc5 Nc6 7. Nf3 Nxc5 8.
Be3 Qa5 9. Bxc5 Qxc5 10. Bd3 Qb4 11. Qxb4 Bxb4 12. Ke2 Bd7 13. Nb5 O-O 14. c3
Be7 15. Nbd4 f6 16. Nxc6 bxc6 17. Rhe1 Rab8 18. Rab1 a5 19. Kf1 f5 20. c4 Rfc8
21. cxd5 cxd5 22. Rec1 Kf7 23. Rxc8 Rxc8 24. Nd4 Bc5 25. Nb3 Bb6 26. f4 Be3 27.
g3 a4 28. Na5 Ra8 29. Nb7 g5 30. fxg5 Bd4 31. b4 axb3 32. axb3 Rb8 33. Ba6 Bxe5
34. b4 Bc8 35. Nd8+ Ke8 36. Bxc8 Kxd8 37. Bxe6 f4 38. Bxd5 fxg3 39. h4 Kc7 40.
b5 Kb6 41. Kg2 Rd8 42. Bc6 Rd2+ 43. Kh3 Re2 44. Rg1 Bc7 45. Rg2 Re1 46. Rd2 Re7
47. Rd7 Rxd7 48. Bxd7 Kc5 49. Bc6 h6 50. g6 Be5 51. Kg4 Kd6 52. Bg2 Ke7 53. b6
Kf6 54. h5 Bd6 55. b7 Bc7 56. Kf3 Bb8 57. Ke4 Ke6 58. Bh3+ Ke7 59. Kd5 Bf4 60.
Ke4 Bc7 61. Kf5 Bb8 62. Bg2 Bc7 63. Bd5 1-0

[Event "Almansa 2014 - Torneo A"]
[Site "Almansa ESP"]
[Date "2014.08.08"]
[Round "7.7"]
[White "Sanchez Barbado, Carlos"]
[Black "Gil Quilez, David"]
[Result "0-1"]
[WhiteElo "2249"]
[BlackElo "2172"]
[PlyCount "112"]
[EventDate "2014.08.05"]
[EventType "swiss"]
[EventRounds "9"]
[EventCountry "ESP"]
[Source "lmi"]
[SourceDate "2014.08.05"]

1. e4 d5 2. exd5 Qxd5 3. Nc3 Qd6 4. d4 Nf6 5. Nge2 Bf5 6. Bf4 Qb6 7. Qd2 Nc6 8.
Ng3 Bg6 9. Bb5 O-O-O 10. Bxc6 Qxc6 11. O-O e6 12. a3 Qb6 13. Be5 Bd6 14. Bxd6
Rxd6 15. Nge2 Qxb2 16. Ra2 Qb6 17. Rb1 Qa6 18. Rb4 Ne4 19. Qf4 Nxc3 20. Nxc3
Rb6 21. h4 Rxb4 22. axb4 Qb6 23. d5 Kb8 24. Qc4 exd5 25. Nxd5 Qc6 26. Qd4 b6
27. c4 Re8 28. Ra1 Re4 29. Ne7 Qe8 30. Nc6+ Qxc6 31. Qd8+ Kb7 32. c5 Rxb4 33.
cxb6 Rxb6 34. Re1 Rb1 35. Rxb1+ Bxb1 36. Qe7 Qc1+ 37. Kh2 Qf4+ 38. Kg1 Ba2 39.
Qe2 Qc1+ 40. Kh2 Qc4 41. Qf3+ c6 42. Qa3 Qxh4+ 43. Kg1 Qc4 44. Qe7+ Ka6 45.
Qa3+ Kb6 46. Qb2+ Bb3 47. Qe5 a5 48. Qb8+ Kc5 49. Qg8 g6 50. Qxh7 a4 51. Qg7
Kb4 52. Qf6 a3 53. Qd6+ Ka4 54. Qb8 a2 55. Qa7+ Kb4 56. Qb6+ Ka3 0-1

[Event "Almansa 2014 - Torneo A"]
[Site "Almansa ESP"]
[Date "2014.08.08"]
[Round "7.8"]
[White "Vilanova Corbi, Jorge"]
[Black "Pena Riasco, Alexander"]
[Result "0-1"]
[WhiteElo "2137"]
[BlackElo "2242"]
[PlyCount "111"]
[EventDate "2014.08.05"]
[EventType "swiss"]
[EventRounds "9"]
[EventCountry "ESP"]
[Source "lmi"]
[SourceDate "2014.08.05"]

1. d4 d5 2. c4 c6 3. Nf3 Nf6 4. e3 Bf5 5. Nc3 e6 6. Nh4 Bg4 7. Qb3 Qc7 8. h3
Bh5 9. g4 Bg6 10. Nxg6 hxg6 11. Bg2 Nbd7 12. Bd2 Nb6 13. cxd5 exd5 14. O-O-O
O-O-O 15. Kb1 Kb8 16. Bc1 Re8 17. Qc2 Bb4 18. a3 Bd6 19. Rhe1 a6 20. Ka1 Re6
21. f3 Rhe8 22. e4 Bf4 23. e5 Bxc1 24. Qxc1 Nfd7 25. f4 Qd8 26. f5 gxf5 27.
gxf5 Rh6 28. Rg1 Qh4 29. Bf3 Rh7 30. Bg4 Nf8 31. Rgf1 Nc4 32. Ne4 Qe7 33. f6
Qd8 34. Ng5 gxf6 35. Nxh7 Nxh7 36. b3 Na5 37. Qc3 Ng5 38. Bf5 fxe5 39. dxe5 d4
40. Qg3 Ka7 41. Bc2 Qe7 42. Ka2 c5 43. h4 Ne6 44. Qf2 Nd8 45. h5 Rh8 46. Qf5
Nac6 47. Rde1 Rh6 48. Rh1 Ne6 49. Ref1 Ncd8 50. Bd1 Qc7 51. Rh3 c4 52. bxc4
Qxc4+ 53. Bb3 Qe2+ 54. Kb1 Nc5 55. Qf3 Qb5 56. Re1 0-1